Engineering Mechanics (Record no. 553655)
[ view plain ]
| 000 -LEADER | |
|---|---|
| fixed length control field | 00378nam a22001337a 4500 |
| 082 ## - DEWEY DECIMAL CLASSIFICATION NUMBER | |
| Classification number | CP28 |
| 100 ## - MAIN ENTRY--PERSONAL NAME | |
| Personal name | Lt Col Mughees Aslam |
| 9 (RLIN) | 50909 |
| 245 ## - TITLE STATEMENT | |
| Title | Engineering Mechanics |
| Remainder of title | Course Pack |
| Statement of responsibility, etc. | Lt Col Mughees Aslam |
| 250 ## - EDITION STATEMENT | |
| Edition statement | CE-101 OD/CED 84/85 |
| 260 ## - PUBLICATION, DISTRIBUTION, ETC. | |
| Place of publication, distribution, etc. | Risalpur |
| Name of publisher, distributor, etc. | MCE |
| Date of publication, distribution, etc. | 2015 |
| 500 ## - GENERAL NOTE | |
| General note | BE-Civil Engineering |
| 526 ## - STUDY PROGRAM INFORMATION NOTE | |
| Program name | 0 |
| Interest level | 0 |
| Reading level | 0 |
| Title point value | CP_000000000000000_28 |
| 942 ## - ADDED ENTRY ELEMENTS (KOHA) | |
| Source of classification or shelving scheme | |
| Koha item type | Book Bank |
| Withdrawn status | Lost status | Source of classification or shelving scheme | Damaged status | Not for loan | Permanent Location | Current Location | Date acquired | Total Checkouts | Full call number | Barcode | Date last seen | Price effective from | Koha item type |
|---|---|---|---|---|---|---|---|---|---|---|---|---|---|
| Military College of Engineering (MCE) | Military College of Engineering (MCE) | 02/23/2016 | CP28 | MCE-CP28 | 02/23/2016 | 02/23/2016 | Book Bank |
